000
00273nam a2200097 4500
999
_c
522514
_d
522514
082
_a
I5135x5444 AR/5/2
100
_a
Government of Karnataka
_9
37700
245
_a
5th Report of the karnataka administrative reforms commision-two
260
_a
Bengaluru
_c
2022
300
_a
201p.